Qui a remporté ces Molière du comédien ? - Théâtre public - Statistiques

Statistiques générales
  • Ce quiz a été pris 15 fois
  • Le résultat moyen est 4 sur 9
Statistiques - réponses
Hint Extra Hint Réponse % Correct
Cyrano de Bergerac 2014 Philippe Torreton
79%
La Mouche 2020 Christian Hecq
57%
1 heure 23'14'' et 7 centièmes 2018 Jacques Gamblin
50%
Novecento 2015 André Dussolier
43%
Le bourgeois gentilhomme 2023 Christian Hecq
43%
J'ai des doutes 2019 François Morel
43%
Vu du pont 2016 Charles Berling
36%
Le Bac 68 2017 Philippe Caubère
36%
Harvey 2022 Jacques Gamblin
14%
Aucun quiz correspondant
Distribution des résultats
% des personnes avec chaque résultat
Percentile par nombre de réponses
Votre historique - résultats
Vous n’avez pas pris ce quiz